00847 a2200229 450000500170000000800410001702000150005804000500007304100080012324500970013124600390022826000490026730000420031665000320035865000360039065000350042670000340046170000280049570000280052370000300055176500360058120180312142000.0140317s1991 sp a gr|||| 000 j spa d a8474199182 aCO-BoUCMbspacJose A. GerenadJose A. Gerena1 aspa00aRumpelstiltskincversión e ilustraciones de Jonathan Langley , traducción de Alfred Sala24aRumpelstiltskinbel enano saltarin c1991bEdiciones JunioraBarcelona (España) a[24] páginasbilustraciones a color 7aLiteratura infantil alemana 7aLibros ilustrados para niños  7aLibros y lectura para niños 1 aLangley, Jonathaneilustrador1 aSala, Alfredetraductor1 aGrimm, Jacobd1785-18631 aGrimm, Wilhelmd1786-18591 tThe history of Rumpelstiltskin